| 000 | 01256nam a22002417a 4500 | ||
|---|---|---|---|
| 001 | 684 | ||
| 005 | 20231124111607.0 | ||
| 020 | _a9780545398459 | ||
| 040 |
_aFISKH _beng _cFISKH _dFISKH |
||
| 050 | _aPZ7.A953 | ||
| 082 | _a813.5 | ||
| 100 | _aAvi | ||
| 245 |
_aInto the storm / _cAvi |
||
| 250 | _aThis edition first printing May 2012 | ||
| 260 |
_aNew York : _bScholastic, _c1996. |
||
| 300 |
_a380 pages : _c20 cm |
||
| 490 |
_aBeyond the western sea _vBook 2 |
||
| 520 | _aAvi's suspenseful seafaring adventure ESCAPE FROM HOME continues in INTO THE STORM.Fifteen-year-old Maura and twelve-year-old Patrick O'Connell are finally free from the impoverished conditions of their small Irish village. Though they've made it onto the ship to America, there's still a treacherous journey ahead of them.In the storage hold, ten-year-old Laurence Kirkle struggles to survive and stay hidden as the ship's crew searches for stowaways to throw overboard. All three children are in search of a better world and a new home. But will they find what they're looking for in America?Once again, Avi skillfully creates an edge-of-your-seat adventure brimming with action and heart. | ||
| 650 | _aStorms | ||
| 650 | _aOcean | ||
| 650 | _aShips | ||
| 942 |
_2ddc _cBK _n0 |
||
| 999 |
_c684 _d684 |
||